Statistics for All Time Short Handed NHL Goalscorers

Click here to take the quiz!

General Stats

  • This quiz has been taken 8 times
  • The average score is 5 of 10

Answer Stats

GoalsAnswer% Correct
73Wayne Gretzky
100%
37Jari Kurri
86%
63Mark Messier
71%
50Steve Yzerman
71%
36Sergei Fedorov
57%
49Mario Lemieux
43%
35Theoren Fleury
43%
40Butch Goring
0%
39Dave Poulin
0%
35Dirk Graham
0%

Score Distribution

Percentile by Number Answered

Percent of People with Each Score

Your Score History

You have not taken this quiz